| Tag |
First Indicator |
Second Indicator |
Subfields |
| LEADER |
00000cam a2200000 4500 |
| 001 |
in00000359366 |
| 005 |
20151011071844.0 |
| 008 |
750808s1919 nyucf 00010beng |
| 010 |
|
|
|a 19016293
|
| 035 |
|
|
|a (OCoLC)01524303
|
| 035 |
|
|
|9 ABP0651AM
|
| 040 |
|
|
|a DLC
|c JPL
|d TXA
|d UtOrBLW
|
| 049 |
|
|
|a TXAS
|c [1097114]
|
| 050 |
0 |
0 |
|a E757
|b .H49
|
| 100 |
1 |
|
|a Henderson, Daniel,
|d 1880-1955.
|
| 245 |
1 |
0 |
|a "Great-heart" ;
|b the life story of Theodore Roosevelt /
|c by Niel MacIntyre [pseudonym] illustrated with photographs, and cartoon by "Ding".
|
| 264 |
|
1 |
|a New York City :
|b W. E. Rudge,
|c [1919]
|
| 264 |
|
4 |
|c [©1919]
|
| 300 |
|
|
|a 242 pages :
|b frontispiece, plates, portraits ;
|c 21 cm.
|
| 336 |
|
|
|a text
|b txt
|2 rdacontent
|
| 337 |
|
|
|a unmediated
|b n
|2 rdamedia
|
| 338 |
|
|
|a volume
|b nc
|2 rdacarrier
|
| 600 |
1 |
0 |
|a Roosevelt, Theodore,
|d 1858-1919.
|
| 999 |
|
|
|a MARS
|
| 999 |
f |
f |
|s 5358e078-0474-3d78-982f-677fa99a116d
|i a1038f62-0fcb-3eb3-8b1f-d8ba4b1dd981
|t 0
|
| 952 |
f |
f |
|p noncirc
|a Texas A&M University
|b College Station
|c Cushing Memorial Library & Archives
|d Cushing: Dykes (Does not check out)
|t 0
|e E757 .H49
|h Library of Congress classification
|i unmediated -- volume
|m A14851708884
|
| 998 |
f |
f |
|a E757 .H49
|t 0
|l Cushing: Dykes (Does not check out)
|